| 000 | 00452nam a22001697a 4500 | ||
|---|---|---|---|
| 003 | NUST - PNEC | ||
| 005 | 20170116181142.0 | ||
| 008 | 151008b xxu||||| |||| 00| 0 eng d | ||
| 020 | _a8122201768 | ||
| 040 | _cLIBRARY | ||
| 082 | _a796.5 SNO | ||
| 100 |
_914768 _aSnowdon, Les |
||
| 245 |
_aWalk Slim : the easy way to lose excess weight in 30 days _cLes Snowdon |
||
| 260 | _cc.1997 | ||
| 650 |
_914773 _aPhysical Fitness _xME |
||
| 942 |
_2ddc _cBK |
||
| 999 |
_c70551 _d70551 |
||